[Event "Thessaloniki-Chalkidiki-chT B local"]
[Site "Thessaloniki"]
[Date "2019.03.03"]
[Round "7.8"]
[White "Juganaru, Alexandrou"]
[Black "Tsoukalas, Panagiotis"]
[Result "1-0"]
[WhiteElo "1008"]
[BlackElo "1029"]
[PlyCount "89"]
[EventDate "2019.01.13"]
[EventType "team-swiss"]
[EventRounds "9"]
[EventCountry "GRE"]
[SourceTitle "EXT 2020"]
[Source "ChessBase"]
[SourceDate "2019.10.17"]
[SourceVersion "1"]
[SourceVersionDate "2019.10.17"]
[SourceQuality "1"]

1. c4 e5 2. Nc3 Nf6 3. g3 d6 4. Bg2 Be6 5. d3 Nc6 6. Nd5 Nd7 7. Nf3 Ne7 8. Nc3 Nf6 9. 0-0 g6 10. Ng5 Bd7 11. Bxb7 Rb8 12. Bg2 Bg7 13. Nge4 0-0 14. Be3 Rc8 15. Bxa7 c5 16. Nxd6 Bc6 17. Nxc8 Bxg2 18. Nxe7+ Qxe7 19. Kxg2 Qxa7 20. a3 Qb7+ 21. e4 Rd8 22. Re1 Qxb2 23. Nb5 Qxa1 24. Qxa1 Nd7 25. a4 Nb6 26. a5 Na8 27. Rd1 f6 28. Qa3 Bf8 29. a6 Rc8 30. a7 g5 31. Qa6 Rd8 32. Qxf6 Re8 33. Qxg5+ Kh8 34. Qf6+ Kg8 35. Qc6 Be7 36. Qxe8+ Kg7 37. Qxa8 h5 38. Qb7 Kf7 39. a8Q Kf6 40. Qaa6+ Kf7 41. Nd6+ Kf8 42. Qaa8+ Kg7 43. Qxe7+ Kg6 44. Qg8+ Kh6 45. Qeh7# 1-0

[Event "Thessaloniki ESSTH HALK-ch U16 11th"]
[Site "Thessaloniki"]
[Date "2018.11.18"]
[Round "5.1"]
[White "Tsoukalas, Panagiotis"]
[Black "Ioannou, Ioannis"]
[Result "0-1"]
[WhiteElo "1035"]
[BlackElo "1535"]
[PlyCount "56"]
[EventDate "2018.11.03"]
[EventType "swiss"]
[EventRounds "6"]
[EventCountry "GRE"]
[SourceTitle "EXT 2024"]
[Source "ChessBase"]
[SourceDate "2023.10.10"]
[SourceVersion "1"]
[SourceVersionDate "2023.10.10"]
[SourceQuality "1"]

1. e4 c6 2. Nc3 d5 3. f3 e5 4. d3 Qa5 5. Bd2 Qd8 6. f4 d4 7. Nce2 f6 8. Nf3 Bg4 9. f5 g6 10. h3 Bxf3 11. gxf3 Qd7 12. Ng3 Ne7 13. h4 Na6 14. Bh3 Qc7 15. Qe2 Nc5 16. 0-0-0 Qb6 17. Kb1 Na4 18. b3 Nc3+ 19. Bxc3 dxc3 20. Qe1 gxf5 21. exf5 Nd5 22. d4 Qa5 23. dxe5 0-0-0 24. exf6 Qa3 25. Qe6+ Kb8 26. Qe5+ Ka8 27. Qxc3 Nxc3+ 28. Ka1 Qxa2# 0-1